000 01005nam a2200301 i 4500
001 667
003 KOSZ 005
005 20220824101118.0
008 020718s1977 pl a |000 0 pol
015 _aPB 1978/160
035 _a(OCoLC)830321559
040 _aWA N
_cWA N
_dKOSZ 005/EG
046 _k1971
080 _a55
080 _a(075.3)
100 1 _aSzczepanik, Tadeusz
_c(geologia).
_eAutor
245 1 0 _aGeologia dynamiczna ze wstępem do geologii :
_bkl. I i II /
_cTadeusz Szczepanik.
250 _aWyd. 2.
260 _aWarszawa :
_bWydawnictwa Geologiczne,
_c1977.
300 _a357, [2] s. :
_bil., mapy, tab., wykr. ;
_c21 cm.
380 _aKsiążki
658 _aGeografia i nauki o Ziemi
655 4 _aPodręczniki dla szkół zawodowych
650 4 _aGeologia dynamiczna
710 2 _aWydawnictwa Geologiczne
_4pbl.
856 _uhttp://koha.tu.koszalin.pl/cgi-bin/koha/opac-detail.pl?biblionumber=667
_yKatalog online BPK
942 _2UKD
_cKS
999 _c667
_d667